| 000 | 03263nam0a2200433 4500 | ||
|---|---|---|---|
| 001 | RU\NLR\BIBL_A\011827109 | ||
| 005 | 20250626135339.0 | ||
| 020 |
_aRU _b18682 _9Сводный каталог листовок первых лет Советской власти (25 октября (7 ноября) 1917 - 1925) Т.6. Листовки органов военного управления отдельных воинских соединений и частей военных организаций и учреждений |
||
| 035 | _a(NLR Aleph) 011827109 | ||
| 090 |
_a11991587 _c11991587 |
||
| 100 | _a20181018j19190213|||y0rusy50 ca | ||
| 101 | 0 | _arus | |
| 102 | _aRU | ||
| 105 | _ay z 000zy | ||
| 135 | _acrcn 024anaba | ||
| 200 | 1 |
_aПриказ по Юрьев-Польскому гарнизону № 3-й, 13-го февр. 1919 г. гор. Юрьев-Польский, Владимирской губ. "Объявляя ниже сего копию телеграммы Владимирского губернского комиссариата по военным делам от 8-го февр. с. г..." _e[листовка] |
|
| 210 |
_aЮрьев-Польский _c[б. и.] _d1919, февр., 13 |
||
| 215 |
_a1 с. _d32х24 |
||
| 300 | _aПодписи: начальник гарнизона А. Шерстнев, Уездный военный комиссар Федоров, начальник комендантской части Тараканов | ||
| 325 | _aКопия доступна в Электрон. б-ке РНБ | ||
| 327 | 1 | _aО мобилизации в армию бывших офицеров, врачей и фельдшеров 1879-1898 гг. рождения | |
| 517 | 1 | _aОбъявляя ниже сего копию телеграммы Владимирского губернского комиссариата по военным делам от 8-го февр. с. г... | |
| 540 | 1 | _aО мобилизации в армию бывших офицеров, врачей и фельдшеров 1879-1898 гг. рождения | |
| 607 |
_aРСФСР _jЛистовки _xПолитика и управление _y1917 - 1925 _92312782 _3RU\NLR\auth\6601609564 |
||
| 686 | 0 | _aТ3(2)71-313,011 | |
| 702 | 1 |
_4720 _aШерстнев _bА. _cвоен. комиссар _9178948 _3RU\NLR\AUTH\770178999 |
|
| 702 | 1 |
_4720 _aФедоров _bФ. _cвоен. руководитель _9179244 _3RU\NLR\AUTH\770179295 |
|
| 702 | 1 |
_4720 _7ca _8rus _aТараканов _cнач. комендант. части гарнизона, г. Юрьев-Польский _9208244 _3RU\NLR\AUTH\770208297 |
|
| 710 | 0 | 2 |
_aНачальник гарнизона города Юрьева-Польского _9647064 _3RU\NLR\AUTH\880493543 |
| 711 | 0 | 2 |
_aВладимирский губернский комиссариат по военным делам _9572796 _3RU\NLR\AUTH\880454690 |
| 852 | 0 | 0 |
_aNLR _bФЛ _j67/24 |
| 942 | _cBOOK | ||
| 980 | _aNB | ||
| 981 | 2 | 1 |
_a(21) Листовки _b(21) Листовки 1919 года |